Online
Catalog

El crimen politíco / (Record no. 19838)

MARC details
000 -CABECERA
campo de control de longitud fija 00742nam a2200205 u 4500
001 - NÚMERO DE CONTROL
campo de control 000020334
005 - FECHA Y HORA DE LA ÚLTIMA TRANSACCIÓN
campo de control 20260210115647.0
008 - DATOS DE LONGITUD FIJA--INFORMACIÓN GENERAL
campo de control de longitud fija 100813s1965 sp ac 000 0 spa d
040 ## - FUENTE DE LA CATALOGACIÓN
Centro catalogador/agencia de origen DO-SdBNP
Lengua de catalogación spa
Centro/agencia transcriptor BNPHU
082 ## - NÚMERO DE LA CLASIFICACIÓN DECIMAL DEWEY
Número de clasificación 364.258
Número de documento/Ítem H498c
100 1# - ENTRADA PRINCIPAL--NOMBRE DE PERSONA
Nombre de persona Schultze-Wilde, Harry,
Fechas asociadas al nombre 1889-
9 (RLIN) 42985
245 10 - MENCIÓN DE TÍTULO
Título El crimen politíco /
Mención de responsabilidad, etc. Harry Schultze-Wilde ; traducción de Ana Ma. de la Fuente.
260 ## - PUBLICACIÓN, DISTRIBUCIÓN, ETC.
Lugar de publicación, distribución, etc. Barcelona :
Nombre del editor, distribuidor, etc. Editores Plaza & Janés,
Fecha de publicación, distribución, etc. 1965.
300 ## - DESCRIPCIÓN FÍSICA
Extensión 468 p. :
Otras características físicas il., retrs. ;
Dimensiones 22 cm.
500 ## - NOTA GENERAL
Nota general Al principiar el título : H. S. Hegner.
650 #0 - PUNTO DE ACCESO ADICIONAL DE MATERIA--TÉRMINO DE MATERIA
Término de materia o nombre geográfico como elemento de entrada Asesinato
9 (RLIN) 42986
650 #0 - PUNTO DE ACCESO ADICIONAL DE MATERIA--TÉRMINO DE MATERIA
Término de materia o nombre geográfico como elemento de entrada Corrupción política
Subdivisión geográfica República Dominicana
9 (RLIN) 6079
650 #0 - PUNTO DE ACCESO ADICIONAL DE MATERIA--TÉRMINO DE MATERIA
Término de materia o nombre geográfico como elemento de entrada Homicidio político
9 (RLIN) 31686
700 12 - PUNTO DE ACCESO ADICIONAL--NOMBRE DE PERSONA
Nombre de persona Fuente, Ana María de la,
Término indicativo de función/relación tr.
9 (RLIN) 10620
Holdings
Estado de retiro Estado de pérdida Restricciones de uso No para préstamo Código de colección Localización permanente Ubicación/localización actual Ubicación en estantería Fecha de adquisición Número de inventario Total de préstamos Signatura topográfica completa Código de barras Fecha visto por última vez Precio válido a partir de Tipo de ítem Koha
    Préstamo interno   Monografías: Libros y Folletos General General Depósito 08.05.2017 LF1   364.258 H498c 20334-10 25.06.2020 25.06.2020 Préstamo interno

Powered by Koha